[Event "CAN/Quebec op"]
[Site "Montreal CAN"]
[Date "2008.07.24"]
[Round "6"]
[White "Thavandiran, Shiyam"]
[Black "Arun Prasad, Subramanian"]
[Result "1-0"]
[WhiteElo "2288"]
[BlackElo "2492"]
[PlyCount "67"]
[GameId "2160767910353490"]
[EventDate "2008.07.19"]
[EventType "swiss"]
[EventRounds "9"]
[EventCountry "CAN"]
[SourceTitle "CBM 125 Extra"]
[Source "ChessBase"]
[SourceDate "2008.09.01"]
[SourceVersion "1"]
[SourceVersionDate "2008.09.01"]
[SourceQuality "1"]

1. e4 c5 2. Nf3 d6 3. d4 cxd4 4. Nxd4 Nf6 5. Nc3 a6 6. Bg5 e6 7. f4 Nbd7 8. Qf3 Qc7 9. O-O-O b5 10. Bd3 Bb7 11. Rhe1 Qb6 12. Nd5 Qxd4 13. Bxf6 gxf6 14. Bxb5 Qc5 15. Nxf6+ Kd8 16. Nxd7 Qxb5 17. Nxf8 Rxf8 18. Qa3 Ke8 19. Qxd6 Qc6 20. Qd2 Qc7 21. f5 e5 22. Qb4 Rg8 23. Re3 Qe7 24. Qb6 Rc8 25. Rc3 Rxc3 26. bxc3 f6 27. Rd6 Bc8 28. Rxf6 Rxg2 29. Rd6 Kf7 30. f6 Qf8 31. Kb2 Bg4 32. Rd8 Qh6 33. Qb7+ Kg6 34. f7 1-0

[Event "CAN/Quebec op"]
[Site "Montreal CAN"]
[Date "2008.07.24"]
[Round "6"]
[White "Yoos, John"]
[Black "Noritsyn, Nikolay"]
[Result "0-1"]
[WhiteElo "2366"]
[BlackElo "2361"]
[PlyCount "106"]
[GameId "2160767910353492"]
[EventDate "2008.07.19"]
[EventType "swiss"]
[EventRounds "9"]
[EventCountry "CAN"]
[SourceTitle "CBM 125 Extra"]
[Source "ChessBase"]
[SourceDate "2008.09.01"]
[SourceVersion "1"]
[SourceVersionDate "2008.09.01"]
[SourceQuality "1"]

1. e4 c5 2. Nc3 Nc6 3. g3 g6 4. Bg2 Bg7 5. Nh3 d6 6. f4 e6 7. d3 Nge7 8. Be3 b6 9. O-O d5 10. Bd2 f5 11. Re1 O-O 12. Rb1 fxe4 13. dxe4 d4 14. Ne2 e5 15. Kh1 Kh8 16. Neg1 Be6 17. a3 Rc8 18. Rf1 h6 19. Nf2 Qd7 20. h4 Qd6 21. h5 exf4 22. gxf4 g5 23. f5 Bf7 24. Qf3 Ne5 25. Qh3 N7c6 26. Rbd1 Qe7 27. c3 d3 28. b4 Rcd8 29. Nf3 Nxf3 30. Bxf3 Ne5 31. Ng4 Nxg4 32. Qxg4 Be5 33. Rc1 Bc4 34. Qg2 Qf6 35. Qf2 Rc8 36. Rfe1 Rg8 37. Bg4 Rg7 38. a4 Re7 39. a5 bxa5 40. bxc5 a4 41. Be3 Rd8 42. Qb2 Bb3 43. Rf1 Bf4 44. Bd4 Rxd4 45. cxd4 Bxc1 46. Rxc1 Rxe4 47. Bf3 Rxd4 48. Qd2 Qxf5 49. Bg2 Qf4 50. Qe1 Qh4+ 51. Kg1 Qxe1+ 52. Rxe1 d2 53. Re8+ Bg8 0-1

[Event "CAN/Quebec op"]
[Site "Montreal CAN"]
[Date "2008.07.24"]
[Round "6"]
[White "Yuan, Yuanling"]
[Black "Castaneda, Nelson"]
[Result "0-1"]
[WhiteElo "2146"]
[BlackElo "2314"]
[PlyCount "78"]
[GameId "2160767910353493"]
[EventDate "2008.07.19"]
[EventType "swiss"]
[EventRounds "9"]
[EventCountry "CAN"]
[SourceTitle "CBM 125 Extra"]
[Source "ChessBase"]
[SourceDate "2008.09.01"]
[SourceVersion "1"]
[SourceVersionDate "2008.09.01"]
[SourceQuality "1"]

1. e4 e6 2. d4 d5 3. e5 c5 4. c3 Qb6 5. Nf3 Nc6 6. a3 Nge7 7. b4 cxd4 8. cxd4 Nf5 9. Be3 Bd7 10. Bd3 Be7 11. Nc3 Nxe3 12. fxe3 O-O 13. O-O f6 14. exf6 Bxf6 15. Qc2 h6 16. Na4 Qd8 17. Nc5 Rc8 18. Qb3 Rc7 19. Bc2 Qe7 20. Qd3 g5 21. e4 Qg7 22. e5 Be7 23. Nd2 Bc8 24. Rf3 Rxf3 25. Nxf3 b6 26. Na6 Bxa6 27. Qxa6 g4 28. Ne1 Nxd4 29. Bd3 Qxe5 30. Rd1 Bd6 31. g3 Qe3+ 32. Kh1 Rc1 33. Qa4 b5 34. Qxa7 Rxd1 35. Qh7+ Kf8 36. Qh8+ Ke7 37. Qg7+ Kd8 38. Qg8+ Kc7 39. Qf7+ Kb6 0-1

[Event "CAN/Quebec op"]
[Site "Montreal CAN"]
[Date "2008.07.25"]
[Round "7"]
[White "Arun Prasad, Subramanian"]
[Black "Karavade, Eesha"]
[Result "1-0"]
[WhiteElo "2492"]
[BlackElo "2297"]
[PlyCount "77"]
[GameId "2160767910353494"]
[EventDate "2008.07.19"]
[EventType "swiss"]
[EventRounds "9"]
[EventCountry "CAN"]
[SourceTitle "CBM 125 Extra"]
[Source "ChessBase"]
[SourceDate "2008.09.01"]
[SourceVersion "1"]
[SourceVersionDate "2008.09.01"]
[SourceQuality "1"]

1. Nf3 Nf6 2. c4 c5 3. d4 cxd4 4. Nxd4 g6 5. Nc3 Bg7 6. e4 d6 7. Be2 O-O 8. Be3 Nc6 9. O-O Bd7 10. Qd2 Qa5 11. Rfd1 Rfc8 12. f3 Nxd4 13. Bxd4 Be6 14. b3 Nd7 15. Bxg7 Kxg7 16. f4 a6 17. Rac1 f6 18. Bf3 Rab8 19. Qe2 b5 20. Nd5 Qd8 21. cxb5 Rxc1 22. Rxc1 Bxd5 23. exd5 Rxb5 24. h3 Nc5 25. Kh2 Rb7 26. Qd2 a5 27. Be2 Qb6 28. Bc4 Rc7 29. Re1 Qb4 30. Qf2 a4 31. Re3 axb3 32. axb3 Nb7 33. f5 Nd8 34. Qe2 Qb7 35. fxg6 hxg6 36. Qg4 Nf7 37. Bd3 Ne5 38. Rxe5 dxe5 39. Bxg6 1-0

[Event "CAN/Quebec op"]
[Site "Montreal CAN"]
[Date "2008.07.25"]
[Round "7"]
[White "Bartholomew, John"]
[Black "Tayar, Jonathan"]
[Result "1-0"]
[WhiteElo "2440"]
[BlackElo "2293"]
[PlyCount "111"]
[GameId "2160767910353495"]
[EventDate "2008.07.19"]
[EventType "swiss"]
[EventRounds "9"]
[EventCountry "CAN"]
[SourceTitle "CBM 125 Extra"]
[Source "ChessBase"]
[SourceDate "2008.09.01"]
[SourceVersion "1"]
[SourceVersionDate "2008.09.01"]
[SourceQuality "1"]

1. Nf3 Nf6 2. c4 g6 3. Nc3 Bg7 4. e4 d6 5. d4 O-O 6. Be2 e5 7. O-O Nc6 8. d5 Ne7 9. b4 a5 10. Ba3 b6 11. bxa5 Nh5 12. Re1 f5 13. Bb4 bxa5 14. Ba3 Nf4 15. Bf1 fxe4 16. Nd2 Nd3 17. Bxd3 exd3 18. Nde4 Nf5 19. Qxd3 Ba6 20. Rab1 Bh6 21. Nb5 Qe7 22. Bc1 Bxc1 23. Rexc1 Bxb5 24. cxb5 Rac8 25. f3 Nd4 26. Rc4 Qf7 27. Nc3 Qf4 28. Ne2 Qf7 29. Nxd4 Qxd5 30. Qb3 exd4 31. Rxd4 Qxb3 32. Rxb3 Rf5 33. a4 Re8 34. Rc3 Re7 35. Rdc4 Rff7 36. Kf2 Kg7 37. Rc6 Rf4 38. Rxc7 Rxc7 39. Rxc7+ Kh6 40. g4 g5 41. Rd7 Rxa4 42. Rxd6+ Kg7 43. Rd5 h6 44. Ke3 Rb4 45. Kd3 a4 46. Kc3 Rb3+ 47. Kc4 Rxf3 48. b6 Rb3 49. Kc5 a3 50. Kc6 Kf6 51. Ra5 Rc3+ 52. Kd7 Rb3 53. Kc7 Ke6 54. b7 Rc3+ 55. Kb8 Kd7 56. Ka8 1-0

[Event "CAN/Quebec op"]
[Site "Montreal CAN"]
[Date "2008.07.25"]
[Round "7"]
[White "Castaneda, Nelson"]
[Black "Nicula, Marius"]
[Result "1/2-1/2"]
[WhiteElo "2314"]
[BlackElo "2209"]
[PlyCount "129"]
[GameId "2160767910353496"]
[EventDate "2008.07.19"]
[EventType "swiss"]
[EventRounds "9"]
[EventCountry "CAN"]
[SourceTitle "CBM 125 Extra"]
[Source "ChessBase"]
[SourceDate "2008.09.01"]
[SourceVersion "1"]
[SourceVersionDate "2008.09.01"]
[SourceQuality "1"]

1. e4 e6 2. d4 d5 3. e5 c5 4. c3 Nc6 5. Nf3 Qb6 6. a3 c4 7. Be2 f6 8. exf6 Nxf6 9. Nbd2 Bd6 10. b3 cxb3 11. Qxb3 Qxb3 12. Nxb3 Bd7 13. O-O Rc8 14. Re1 O-O 15. Bb2 e5 16. c4 Nxd4 17. Nbxd4 exd4 18. cxd5 Nxd5 19. Bxd4 Nb6 20. Rad1 Bc5 21. Ne5 Be6 22. Bf3 Bxa3 23. Bxb7 Rc7 24. Bf3 Rfc8 25. h3 Rc1 26. Rxc1 Rxc1 27. Rxc1 Bxc1 28. Nc6 Nc8 29. Nxa7 Nxa7 30. Bxa7 Bb2 31. Be4 h6 32. Bg6 Bf7 33. Bxf7+ Kxf7 34. Kf1 h5 35. Ke2 Ke6 36. Kf3 Kf5 37. g4+ hxg4+ 38. hxg4+ Ke6 39. Kf4 Kf7 40. Kg5 Bf6+ 41. Kh5 Bb2 42. Bb8 Bc1 43. Be5 g6+ 44. Kh4 Bh6 45. Bd4 Kg8 46. Be3 Bg7 47. Kg5 Kh7 48. Bc5 Bc3 49. Kf4 Kg7 50. Be7 Kf7 51. Bh4 Bd2+ 52. Ke5 Bc1 53. Bd8 Bb2+ 54. Kd6 Bd4 55. f3 Be3 56. Ke5 Bc1 57. Bb6 Bd2 58. Bd4 Bc1 59. Bc3 Bg5 60. Bd4 Be7 61. Kf4 Ke6 62. g5 Bd8 63. Ke4 Be7 64. f4 Bd8 65. Bg7 1/2-1/2

[Event "CAN/Quebec op"]
[Site "Montreal CAN"]
[Date "2008.07.25"]
[Round "7"]
[White "Chabot, Roland"]
[Black "Meera, Sai Ravi"]
[Result "1-0"]
[WhiteElo "2235"]
[BlackElo "2179"]
[PlyCount "139"]
[GameId "2160767910353497"]
[EventDate "2008.07.19"]
[EventType "swiss"]
[EventRounds "9"]
[EventCountry "CAN"]
[SourceTitle "CBM 125 Extra"]
[Source "ChessBase"]
[SourceDate "2008.09.01"]
[SourceVersion "1"]
[SourceVersionDate "2008.09.01"]
[SourceQuality "1"]

1. d4 Nf6 2. c4 g6 3. Nc3 Bg7 4. e4 d6 5. Nf3 O-O 6. Be2 e5 7. O-O Nc6 8. d5 Ne7 9. Ne1 Nd7 10. Be3 f5 11. f3 f4 12. Bf2 g5 13. a4 a5 14. Nd3 b6 15. b4 axb4 16. Nxb4 Nf6 17. Be1 Kh8 18. Nd3 Ng6 19. Nf2 h5 20. h3 Rf7 21. Ra3 Bf8 22. Nb5 Rg7 23. a5 bxa5 24. Bxa5 Rxa5 25. Rxa5 c6 26. Ra8 cxb5 27. cxb5 Qc7 28. Qd2 Bb7 29. Rc1 Qb6 30. Ra4 Nd7 31. Qa5 Qe3 32. Re1 Nh4 33. Ra3 Qb6 34. Qxb6 Nxb6 35. Rc1 Ng6 36. Nd3 Ne7 37. Nb4 Nec8 38. Rac3 Be7 39. R1c2 Bd8 40. Kf1 Na7 41. Ra2 Nbc8 42. Nc2 Bb6 43. Nb4 Bc5 44. Nc6 Bxc6 45. bxc6 Nb6 46. Rb3 Kg8 47. Ba6 Rc7 48. Ke2 Kf8 49. Kd3 Ke7 50. Bb7 Nac8 51. Ra6 Kd8 52. Rb2 Bd4 53. Rba2 Bc5 54. Bxc8 Nxc8 55. Ra8 Ba7 56. Rb2 Bc5 57. Rb7 Ba7 58. Kc4 Bd4 59. Kb5 Be3 60. Ka6 Bd4 61. Rab8 Be3 62. Rxc7 Kxc7 63. Rb7+ Kd8 64. Rd7+ Ke8 65. Rg7 h4 66. Kb7 Nb6 67. c7 Kf8 68. Rxg5 Kf7 69. Rh5 Bf2 70. Rxh4 1-0

[Event "CAN/Quebec op"]
[Site "Montreal CAN"]
[Date "2008.07.25"]
[Round "7"]
[White "Doubleday, William"]
[Black "Barbeau, Sylvain"]
[Result "0-1"]
[WhiteElo "2125"]
[BlackElo "2367"]
[PlyCount "92"]
[GameId "2160767910353498"]
[EventDate "2008.07.19"]
[EventType "swiss"]
[EventRounds "9"]
[EventCountry "CAN"]
[SourceTitle "EXT 2009"]
[Source "ChessBase"]
[SourceDate "2008.11.26"]
[SourceVersion "1"]
[SourceVersionDate "2008.11.26"]
[SourceQuality "1"]

1. d4 Nf6 2. c4 g6 3. Nc3 d5 4. cxd5 Nxd5 5. e4 Nxc3 6. bxc3 Bg7 7. Bc4 c5 8. Ne2 O-O 9. O-O Nc6 10. Be3 Na5 11. Bd3 b6 12. dxc5 bxc5 13. Bxc5 Qc7 14. Bd4 e5 15. Be3 Nc4 16. Bg5 Be6 17. Qc1 Rfc8 18. Rd1 Qa5 19. a4 Rc6 20. Bc2 Rac8 21. h3 Qc5 22. Bd3 a6 23. Bc2 Qf8 24. Kf1 f6 25. Be3 f5 26. f3 Nxe3+ 27. Qxe3 f4 28. Qf2 Qf7 29. Qe1 Bf8 30. Rab1 g5 31. Rb2 g4 32. hxg4 Bc4 33. Rdb1 Rh6 34. Qd2 Rh1+ 35. Kf2 Bc5+ 36. Nd4 Rxb1 37. Bxb1 Rd8 38. Ke1 exd4 39. Ba2 Bxa2 40. Rxa2 d3 41. Ra1 Be3 42. Qa2 Qxa2 43. Rxa2 Rb8 44. Ra1 Rb2 45. Rd1 Re2+ 46. Kf1 Rf2+ 0-1

[Event "CAN/Quebec op"]
[Site "Montreal CAN"]
[Date "2008.07.25"]
[Round "7"]
[White "Ganguly, Surya Shekhar"]
[Black "Mikhalevski, Victor"]
[Result "0-1"]
[WhiteElo "2631"]
[BlackElo "2592"]
[PlyCount "124"]
[GameId "2160767910353499"]
[EventDate "2008.07.19"]
[EventType "swiss"]
[EventRounds "9"]
[EventCountry "CAN"]
[SourceTitle "CBM 125 Extra"]
[Source "ChessBase"]
[SourceDate "2008.09.01"]
[SourceVersion "1"]
[SourceVersionDate "2008.09.01"]
[SourceQuality "1"]

1. d4 Nf6 2. c4 g6 3. Nc3 d5 4. cxd5 Nxd5 5. e4 Nxc3 6. bxc3 Bg7 7. Bc4 c5 8. Ne2 Nc6 9. Be3 O-O 10. O-O Bg4 11. f3 Bd7 12. Rb1 Rc8 13. Bd3 Qc7 14. Qd2 Rfd8 15. f4 Bg4 16. d5 c4 17. Bxc4 Na5 18. Bd3 Nc4 19. Bxc4 Qxc4 20. Ng3 Bxc3 21. Qf2 b6 22. f5 Bf6 23. Rbc1 Qd3 24. h3 Bh5 25. Nxh5 gxh5 26. Qg3+ Kh8 27. e5 Rxc1 28. Rxc1 Bg7 29. Qf4 Qxd5 30. f6 exf6 31. exf6 Bf8 32. Qg3 Qxa2 33. Bf4 Qd5 34. Re1 h6 35. Re5 Qc4 36. Kh2 Rd3 37. Qf2 Bc5 38. Re8+ Kh7 39. Be3 Bd6+ 40. g3 Qd5 41. h4 Rd1 42. Qc2+ Qd3 43. Qa2 Kg6 44. Rg8+ Kf5 45. Bxh6 Qf3 46. Qc2+ Rd3 47. Qc8+ Ke5 48. Qe8+ Kd4 49. Qa4+ Kc3 50. Rc8+ Bc5 51. Qa3+ Kc4 52. Qa4+ Kc3 53. Qa3+ Kd4 54. Qa1+ Ke4 55. Re8+ Kd5 56. Bf4 Qf2+ 57. Kh3 Qxf4 58. Rd8+ Kc6 59. Qh1+ Kc7 60. Rc8+ Kxc8 61. Qa8+ Kd7 62. Qb7+ Qc7 0-1

[Event "CAN/Quebec op"]
[Site "Montreal CAN"]
[Date "2008.07.25"]
[Round "7"]
[White "Henry, Liam"]
[Black "Arsenault, Nicolas"]
[Result "0-1"]
[WhiteElo "2211"]
[BlackElo "2213"]
[PlyCount "52"]
[GameId "2160767910353500"]
[EventDate "2008.07.19"]
[EventType "swiss"]
[EventRounds "9"]
[EventCountry "CAN"]
[SourceTitle "CBM 125 Extra"]
[Source "ChessBase"]
[SourceDate "2008.09.01"]
[SourceVersion "1"]
[SourceVersionDate "2008.09.01"]
[SourceQuality "1"]

1. e4 e6 2. d4 d5 3. Nc3 Nf6 4. Bg5 Bb4 5. e5 h6 6. Bd2 Bxc3 7. bxc3 Ne4 8. Qg4 g6 9. Bd3 Nxd2 10. Kxd2 c5 11. dxc5 Nc6 12. Bb5 Qe7 13. Nf3 Qxc5 14. Nd4 Bd7 15. Bxc6 bxc6 16. Rab1 Qa5 17. Rb7 c5 18. Nb3 Qa3 19. Qf4 O-O-O 20. Nxc5 Qxc5 21. Rhb1 Bc6 22. Qxf7 Rd7 23. Qf6 Bxb7 24. Qxh8+ Kc7 25. Qf6 d4 26. c4 Qxc4 0-1

[Event "CAN/Quebec op"]
[Site "Montreal CAN"]
[Date "2008.07.25"]
[Round "7"]
[White "Istratescu, Andrei"]
[Black "Moiseenko, Alexander"]
[Result "0-1"]
[WhiteElo "2636"]
[BlackElo "2632"]
[PlyCount "52"]
[GameId "2160767910353501"]
[EventDate "2008.07.19"]
[EventType "swiss"]
[EventRounds "9"]
[EventCountry "CAN"]
[SourceTitle "CBM 125 Extra"]
[Source "ChessBase"]
[SourceDate "2008.09.01"]
[SourceVersion "1"]
[SourceVersionDate "2008.09.01"]
[SourceQuality "1"]

1. e4 c5 2. Nf3 Nc6 3. d4 cxd4 4. Nxd4 Nf6 5. Nc3 e5 6. Ndb5 d6 7. Bg5 a6 8. Na3 b5 9. Bxf6 gxf6 10. Nd5 f5 11. Bd3 Be6 12. c3 Bg7 13. Nxb5 axb5 14. Bxb5 Bd7 15. exf5 O-O 16. Qg4 Kh8 17. Qe4 Rg8 18. f6 Bh6 19. Bd3 Rg6 20. h4 Qg8 21. Nb6 Rg4 22. Qe2 e4 23. Bb5 e3 24. Nxa8 exf2+ 25. Kf1 Rxg2 26. Qf3 Ne5 0-1

[Event "CAN/Quebec op"]
[Site "Montreal CAN"]
[Date "2008.07.25"]
[Round "7"]
[White "Ivkov, Borislav"]
[Black "Yap, Nicolas A"]
[Result "1-0"]
[WhiteElo "2411"]
[BlackElo "2279"]
[PlyCount "63"]
[GameId "2160767910353502"]
[EventDate "2008.07.19"]
[EventType "swiss"]
[EventRounds "9"]
[EventCountry "CAN"]
[SourceTitle "EXT 2009"]
[Source "ChessBase"]
[SourceDate "2008.11.26"]
[SourceVersion "1"]
[SourceVersionDate "2008.11.26"]
[SourceQuality "1"]

1. Nf3 Nf6 2. g3 g6 3. b3 Bg7 4. Bb2 O-O 5. Bg2 d6 6. d4 Nbd7 7. O-O e5 8. dxe5 Ng4 9. Qc1 Ngxe5 10. Nxe5 Nxe5 11. f4 Ng4 12. Bxg7 Kxg7 13. h3 Nf6 14. Qb2 Kg8 15. Nd2 Re8 16. e4 c6 17. Kh2 d5 18. e5 Nh5 19. c4 Ng7 20. Rad1 Bf5 21. cxd5 cxd5 22. Nc4 dxc4 23. Rxd8 Raxd8 24. bxc4 Be6 25. Qxb7 Bxc4 26. Rf2 Nf5 27. Qxa7 h5 28. g4 hxg4 29. hxg4 Nd4 30. f5 gxf5 31. gxf5 Bd3 32. e6 1-0

[Event "CAN/Quebec op"]
[Site "Montreal CAN"]
[Date "2008.07.25"]
[Round "7"]
[White "Jiang, Louie"]
[Black "Yoos, John"]
[Result "1/2-1/2"]
[WhiteElo "2135"]
[BlackElo "2366"]
[PlyCount "89"]
[GameId "2160767910353503"]
[EventDate "2008.07.19"]
[EventType "swiss"]
[EventRounds "9"]
[EventCountry "CAN"]
[SourceTitle "EXT 2009"]
[Source "ChessBase"]
[SourceDate "2008.11.26"]
[SourceVersion "1"]
[SourceVersionDate "2008.11.26"]
[SourceQuality "1"]

1. e4 c5 2. Nf3 Nc6 3. d4 cxd4 4. Nxd4 Nf6 5. Nc3 e5 6. Ndb5 d6 7. Bg5 a6 8. Na3 Be6 9. Nd5 Bxd5 10. Qxd5 Nxd5 11. Bxd8 Kxd8 12. exd5 Ne7 13. O-O-O f5 14. Nc4 Ng8 15. b4 Nf6 16. f3 Kc7 17. Na5 b6 18. Nb3 Nd7 19. a4 a5 20. bxa5 bxa5 21. Bb5 Nc5 22. Kb2 Be7 23. Rhe1 Nxb3 24. Kxb3 Kb6 25. Kc4 Rab8 26. Bd7 f4 27. Rb1+ Ka6 28. Bb5+ Ka7 29. Bc6 Rhc8 30. Kd3 Bd8 31. c3 Bh4 32. Rf1 Rxb1 33. Rxb1 Rb8 34. Bb5 Kb6 35. Be8+ Kc7 36. Rxb8 Kxb8 37. Kc4 Be1 38. Kb5 Bxc3 39. Kc6 Bb4 40. Bd7 h6 41. h4 Bc5 42. h5 Bb4 43. Bf5 Ka7 44. Be4 Kb8 45. Kd7 1/2-1/2

[Event "CAN/Quebec op"]
[Site "Montreal CAN"]
[Date "2008.07.25"]
[Round "7"]
[White "Kovalyov, Anton"]
[Black "Cornette, Matthieu"]
[Result "0-1"]
[WhiteElo "2548"]
[BlackElo "2521"]
[PlyCount "74"]
[GameId "2160767910353504"]
[EventDate "2008.07.19"]
[EventType "swiss"]
[EventRounds "9"]
[EventCountry "CAN"]
[SourceTitle "CBM 125 Extra"]
[Source "ChessBase"]
[SourceDate "2008.09.01"]
[SourceVersion "1"]
[SourceVersionDate "2008.09.01"]
[SourceQuality "1"]

1. c4 Nf6 2. Nc3 e5 3. Nf3 Nc6 4. a3 d5 5. cxd5 Nxd5 6. Qc2 Nxc3 7. bxc3 Bd6 8. g3 Qe7 9. d3 b6 10. Bg2 Bb7 11. O-O O-O 12. c4 f5 13. Bb2 Kh8 14. e3 Rae8 15. d4 e4 16. Nd2 Nd8 17. Nb3 Ne6 18. a4 Qf7 19. Rfe1 f4 20. d5 fxg3 21. fxg3 Ng5 22. Nd4 Bc8 23. Rf1 Qh5 24. Rxf8+ Rxf8 25. Rf1 Rxf1+ 26. Bxf1 Bc5 27. Bg2 Nh3+ 28. Kf1 Qf7+ 29. Ke1 Bg4 30. Bxh3 Bb4+ 31. Bc3 Bxc3+ 32. Qxc3 Bxh3 33. Ne2 Qf1+ 34. Kd2 Bg4 35. Qe5 Qxe2+ 36. Kc3 Qxe3+ 37. Kb2 Qf2+ 0-1

[Event "CAN/Quebec op"]
[Site "Montreal CAN"]
[Date "2008.07.25"]
[Round "7"]
[White "Masse, Hugues"]
[Black "Drolet, Stephane"]
[Result "1-0"]
[WhiteElo "2196"]
[BlackElo "2131"]
[PlyCount "63"]
[GameId "2160767910353505"]
[EventDate "2008.07.19"]
[EventType "swiss"]
[EventRounds "9"]
[EventCountry "CAN"]

1. d4 d5 2. c4 c6 3. Nf3 Nf6 4. Nc3 dxc4 5. a4 Bf5 6. Ne5 Nbd7 7. Nxc4 Nb6 8. Ne5 a5 9. f3 g6 10. e4 Be6 11. Be3 Bg7 12. Be2 O-O 13. O-O Ne8 14. f4 f6 15. Nd3 Nc4 16. Bf2 Bf7 17. Qc2 Ncd6 18. Rad1 f5 19. e5 Nc8 20. Nc5 b6 21. e6 bxc5 22. exf7+ Kxf7 23. dxc5 Qc7 24. Bc4+ e6 25. Rfe1 Kg8 26. g3 Kh8 27. Rxe6 Rb8 28. Qe2 Nf6 29. Bd4 Qa7 30. Rxf6 Ne7 31. Rxf8+ Rxf8 32. Bxg7+ 1-0

[Event "CAN/Quebec op"]
[Site "Montreal CAN"]
[Date "2008.07.25"]
[Round "7"]
[White "Mohota, Nisha"]
[Black "Hansen, Eric"]
[Result "1-0"]
[WhiteElo "2354"]
[BlackElo "2268"]
[PlyCount "71"]
[GameId "2160767910353506"]
[EventDate "2008.07.19"]
[EventType "swiss"]
[EventRounds "9"]
[EventCountry "CAN"]
[SourceTitle "CBM 125 Extra"]
[Source "ChessBase"]
[SourceDate "2008.09.01"]
[SourceVersion "1"]
[SourceVersionDate "2008.09.01"]
[SourceQuality "1"]

1. d4 Nf6 2. Nf3 c5 3. d5 b5 4. Bg5 Ne4 5. Bh4 d6 6. e3 Nd7 7. Nbd2 Qa5 8. b4 Qxb4 9. Rb1 Qa5 10. Rxb5 Qa4 11. Nxe4 Qxe4 12. c4 Ne5 13. Bg3 Nxf3+ 14. gxf3 Qf5 15. Bd3 Qd7 16. Bc2 Qc7 17. Qb1 g6 18. Ba4 Bd7 19. O-O Qc8 20. Qb3 Bg7 21. Rb7 Bxa4 22. Qxa4+ Kf8 23. Rxa7 Rxa7 24. Qxa7 Bf6 25. Rb1 Kg7 26. Kg2 Qa8 27. Rb7 h5 28. Rxe7 Bxe7 29. Qxe7 h4 30. Bxd6 h3+ 31. Kg3 Rh5 32. Be5+ Kg8 33. Qf6 Qf8 34. d6 Qh6 35. f4 Rf5 36. Qg7+ 1-0

[Event "CAN/Quebec op"]
[Site "Montreal CAN"]
[Date "2008.07.25"]
[Round "7"]
[White "Noritsyn, Nikolay"]
[Black "Arencibia Rodriguez, Walter"]
[Result "1-0"]
[WhiteElo "2361"]
[BlackElo "2536"]
[PlyCount "71"]
[GameId "2160767910353507"]
[EventDate "2008.07.19"]
[EventType "swiss"]
[EventRounds "9"]
[EventCountry "CAN"]
[SourceTitle "CBM 125 Extra"]
[Source "ChessBase"]
[SourceDate "2008.09.01"]
[SourceVersion "1"]
[SourceVersionDate "2008.09.01"]
[SourceQuality "1"]

1. e4 c5 2. Nf3 e6 3. d4 cxd4 4. Nxd4 Nf6 5. Bd3 Nc6 6. Nf3 Bc5 7. O-O Qc7 8. Bg5 Ng4 9. Nbd2 O-O 10. c3 d5 11. exd5 exd5 12. Nb3 Bd6 13. h3 Nge5 14. Bc2 h6 15. Be3 Be6 16. Nfd4 Nxd4 17. Nxd4 Bd7 18. Qh5 Nc4 19. Rae1 Nxe3 20. Rxe3 Bh2+ 21. Kh1 Bf4 22. Ree1 Qd6 23. Bb3 Bg5 24. Qf3 Bc6 25. Nf5 Qd8 26. Rd1 g6 27. Ne3 d4 28. Qg3 d3 29. f4 Qd6 30. Nc4 Qc7 31. Ne5 Rae8 32. Qxd3 Rxe5 33. fxe5 Kh8 34. Qd6 Qc8 35. Be6 Qe8 36. Bd7 1-0

[Event "CAN/Quebec op"]
[Site "Montreal CAN"]
[Date "2008.07.25"]
[Round "7"]
[White "Panjwani, Raja"]
[Black "Cheng, Bindi"]
[Result "1/2-1/2"]
[WhiteElo "2310"]
[BlackElo "2333"]
[PlyCount "89"]
[GameId "2160767910353508"]
[EventDate "2008.07.19"]
[EventType "swiss"]
[EventRounds "9"]
[EventCountry "CAN"]
[SourceTitle "CBM 125 Extra"]
[Source "ChessBase"]
[SourceDate "2008.09.01"]
[SourceVersion "1"]
[SourceVersionDate "2008.09.01"]
[SourceQuality "1"]

1. e4 d5 2. exd5 Nf6 3. d4 Bg4 4. Be2 Bxe2 5. Qxe2 Qxd5 6. Nf3 e6 7. O-O Be7 8. Nc3 Qa5 9. Rd1 c6 10. Bg5 Nbd7 11. Ne5 Rd8 12. Re1 Nxe5 13. dxe5 Nd5 14. Ne4 Bxg5 15. Nxg5 O-O 16. c4 Ne7 17. Qe4 Nf5 18. Nf3 Qb6 19. b3 Rd7 20. Rad1 Rfd8 21. Rxd7 Rxd7 22. g4 Ne7 23. Re3 Qd8 24. h4 Ng6 25. h5 Nh4 26. Ne1 Rd1 27. Kh2 Qd2 28. Re2 Qc1 29. Kg3 g5 30. Qe3 h6 31. Qxc1 Rxc1 32. f3 Kf8 33. Kf2 Ke7 34. Ke3 Rd1 35. Nd3 Rf1 36. Rf2 Rg1 37. Nc5 Ng2+ 38. Kd2 b6 39. Ne4 Nf4 40. Kc3 Re1 41. Rd2 c5 42. Rd6 Re3+ 43. Kd2 Re2+ 44. Kc3 Re3+ 45. Kd2 1/2-1/2

[Event "CAN/Quebec op"]
[Site "Montreal CAN"]
[Date "2008.07.25"]
[Round "7"]
[White "Rathnakaran, Kantholi"]
[Black "Thavandiran, Shiyam"]
[Result "1-0"]
[WhiteElo "2453"]
[BlackElo "2288"]
[PlyCount "99"]
[GameId "2160767910353510"]
[EventDate "2008.07.19"]
[EventType "swiss"]
[EventRounds "9"]
[EventCountry "CAN"]

1. e4 c5 2. Nf3 Nc6 3. Bb5 d6 4. O-O Bd7 5. Re1 Nf6 6. c3 a6 7. Bf1 Bg4 8. h3 Bh5 9. d3 e6 10. Bf4 Be7 11. Nbd2 O-O 12. a4 Qc7 13. Bh2 b5 14. g4 Bg6 15. Nh4 Nd7 16. Bg3 Qd8 17. Nxg6 hxg6 18. Nf3 Nde5 19. Nh2 Rb8 20. d4 cxd4 21. cxd4 Nd7 22. axb5 axb5 23. d5 exd5 24. exd5 Nce5 25. f4 Nc4 26. b3 Ncb6 27. g5 Rc8 28. Bxb5 Rc3 29. Nf1 Qc8 30. Bc6 Bd8 31. Re3 Nxd5 32. Bxd5 Bb6 33. Bf2 Bxe3 34. Bxe3 Nc5 35. Qg4 Qe8 36. Re1 Qb5 37. Bc4 Qb7 38. Bd4 Rf3 39. Nd2 Rxb3 40. Bxb3 Qb4 41. Bxc5 Qxd2 42. Bxf7+ Rxf7 43. Re8+ Rf8 44. Qe6+ Kh7 45. Rxf8 Qd1+ 46. Kf2 Qc2+ 47. Kg3 Qc3+ 48. Kg4 Qc4 49. Qxc4 d5 50. Qb3 1-0

[Event "CAN/Quebec op"]
[Site "Montreal CAN"]
[Date "2008.07.25"]
[Round "7"]
[White "Roussel-Roozmon, Thomas"]
[Black "Kunte, Abhijit"]
[Result "1/2-1/2"]
[WhiteElo "2486"]
[BlackElo "2554"]
[PlyCount "55"]
[GameId "2160767910353512"]
[EventDate "2008.07.19"]
[EventType "swiss"]
[EventRounds "9"]
[EventCountry "CAN"]
[SourceTitle "CBM 125 Extra"]
[Source "ChessBase"]
[SourceDate "2008.09.01"]
[SourceVersion "1"]
[SourceVersionDate "2008.09.01"]
[SourceQuality "1"]

1. Nf3 d5 2. d4 c6 3. c4 Nf6 4. e3 Bg4 5. h3 Bxf3 6. Qxf3 e6 7. Nc3 Nbd7 8. Bd3 Bd6 9. O-O O-O 10. Rd1 Qe7 11. e4 dxc4 12. Bxc4 e5 13. d5 Nb6 14. Bb3 cxd5 15. Bxd5 Nbxd5 16. Nxd5 Nxd5 17. Rxd5 Bc5 18. Be3 Bxe3 19. Qxe3 a6 20. Qb6 Rac8 21. Rad1 Rc7 22. Qa5 f6 23. Qa4 Qe8 24. Rd7 Rxd7 25. Qxd7 Qxd7 26. Rxd7 Rf7 27. Rd8+ Rf8 28. Rd7 1/2-1/2